Transparency in financial reporting : a concise comparison of IFRS and US GAAP /

Bibliographic Details
Main Author: McEwen, Ruth Ann, 1952- (Author)
Format: eBook
Language:English
Published: Petersfield : Harriman House, 2009.
Subjects:
Online Access:Click to View
LEADER 01459nam a2200385 i 4500
001 EBC3433030
003 MiAaPQ
005 20200520144314.0
006 m o d |
007 cr cnu||||||||
008 100127s2009 enk ob 001 0 eng|d
020 |z 9781906659134 (hbk.) 
020 |z 1906659133 (hbk.) 
020 |a 9780857190222  |q (electronic bk.) 
035 |a (MiAaPQ)EBC3433030 
035 |a (Au-PeEL)EBL3433030 
035 |a (CaPaEBR)ebr11061904 
035 |a (OCoLC)930706822 
040 |a MiAaPQ  |b eng  |e rda  |e pn  |c MiAaPQ  |d MiAaPQ 
050 4 |a HF5626  |b .M348 2009 
082 0 |a 657.0218  |2 22 
100 1 |a McEwen, Ruth Ann,  |d 1952-  |e author. 
245 1 0 |a Transparency in financial reporting :  |b a concise comparison of IFRS and US GAAP /  |c by Ruth Ann McEwen. 
264 1 |a Petersfield :  |b Harriman House,  |c 2009. 
300 |a 1 online resource (150 pages) 
336 |a text  |2 rdacontent 
337 |a computer  |2 rdamedia 
338 |a online resource  |2 rdacarrier 
504 |a Includes bibliographical references and index. 
588 |a Description based on print version record. 
590 |a Electronic reproduction. Ann Arbor, MI : ProQuest, 2015. Available via World Wide Web. Access may be limited to ProQuest affiliated libraries. 
650 0 |a Accounting  |x Standards. 
655 4 |a Electronic books. 
797 2 |a ProQuest (Firm) 
856 4 0 |u https://ebookcentral.proquest.com/lib/matrademy/detail.action?docID=3433030  |z Click to View